| 000 | 00420nam a22001697a 4500 | ||
|---|---|---|---|
| 005 | 20180613153420.0 | ||
| 008 | 160526b xxu||||| |||| 00| 0 eng d | ||
| 020 | _a81-272-1909-6 | ||
| 041 | _aeng | ||
| 082 |
_b5070 _a657.046 |
||
| 100 |
_aJain, S.P. & Narang K.L. _91267 |
||
| 245 | _aAdvanced Accounting | ||
| 260 |
_aNew Delhi _bAcademic Faundation |
||
| 300 | _a1557 | ||
| 650 |
_aManagement _9241 |
||
| 942 | _cBK | ||
| 999 |
_c1775 _d1774 |
||